Blemmyes : new documents and new perspectives : including O.Blem. 1-107 /

محفوظ في:

مؤلفون آخرون: Cuvigny, Hélène (المحرر), Chaufray, Marie-pierre (المحرر), Cooper, Julien Charles, Gates-Foster, Jennifer

التنسيق: كتاب

اللغة: French

منشور في: Le Caire : Institut Français d'Archéologie Orientale, 2022.

سلاسل: Documents de fouilles publiés par les membres de l'Institut français d'archéologie orientale du Caire ; 52.
DFIFAO ; 52.

الموضوعات:

الوسوم: إضافة وسم

لا توجد وسوم, كن أول من يضع وسما على هذه التسجيلة!

رقم الطلب: ( F )DT57 .C181 v.52

LEADER 01366nam a22003497a 4500
003 OSt
005 20251222102256.0
008 251222t2022 ua a b 000 0 fre
010 |a  2022358873 
020 |a 9782724708530 
040 |c ARCE Library 
041 |a Eng  |a Fre 
050 1 4 |a ( F )DT57  |b .C181 v.52 
245 0 0 |a Blemmyes :   |b new documents and new perspectives : including O.Blem. 1-107 /   |c Hélène Cuvigny (ed.) ; Marie-Pierre Chaufray, Julien Cooper, Jennifer Gates-Foster.  |n   
264 1 |a Le Caire :   |b Institut Français d'Archéologie Orientale,   |c 2022.  
300 |a 202 pages :   |b color illustrations ;   |c 33 cm.  
490 0 |a Documents de fouilles publiés par les membres de l'Institut français d'archéologie orientale du Caire ;   |v 52. 
490 0 |a DFIFAO ;   |v 52. 
504 |a Includes bibliographical references (pages [187]-202). 
546 |a Text in English and French 
650 0 |a Egyptian Ostraka 
650 0 |a Nomads  |z Egypt  |y 3rd century of. J.-C. 
650 0 |a Excavations (Archaeology)   |z Egypt   |z Eastern Desert. 
651 0 |a Egypt (Archaeological site)  |z Samut 
700 1 |a Cuvigny, Hélène,  |e editor 
700 1 |a Chaufray, Marie-pierre,  |e editor 
700 1 |a Cooper, Julien Charles,  
700 1 |a Gates-Foster, Jennifer,  
901 |a reviewed 
942 |2 lcc  |c BK 
955 |b ve48 2022-11-09 
999 |c 50571  |d 50571